बर्फ होती नदी / (Record no. 114385)
[ view plain ]
| 000 -LEADER | |
|---|---|
| fixed length control field | 01014nam a22002537a 4500 |
| 005 - DATE AND TIME OF LATEST TRANSACTION | |
| control field | 20170124103007.0 |
| 010 ## - LIBRARY OF CONGRESS CONTROL NUMBER | |
| LC control number | A-833738 |
| 020 ## - INTERNATIONAL STANDARD BOOK NUMBER | |
| Terms of availability | 90.00 |
| International Standard Book Number | 8186311408 |
| 035 ## - SYSTEM CONTROL NUMBER | |
| System control number | A-833738 |
| 037 ## - SOURCE OF ACQUISITION | |
| Source of stock number/acquisition | Cen Lib/Ret |
| 040 ## - CATALOGING SOURCE | |
| Original cataloging agency | DPL |
| Language of cataloging | HN |
| 082 ## - DEWEY DECIMAL CLASSIFICATION NUMBER | |
| Classification number | क |
| Item number | रायह |
| 100 ## - MAIN ENTRY--PERSONAL NAME | |
| Personal name | राय, हरियश |
| 9 (RLIN) | 56611 |
| 245 ## - TITLE STATEMENT | |
| Title | बर्फ होती नदी / |
| Statement of responsibility, etc | हरियश राय |
| 246 ## - VARYING FORM OF TITLE | |
| Title proper/short title | Barf hoti nadi / |
| Remainder of title | by Hariyash Rai |
| 260 ## - PUBLICATION, DISTRIBUTION, ETC. (IMPRINT) | |
| Place of publication, distribution, etc | नयी दिल्ली |
| Name of publisher, distributor, etc | प्रकाशन संसथान |
| Date of publication, distribution, etc | 1997 |
| 270 ## - ADDRESS | |
| Address | 4715/21, दयानंद मार्ग, दरियागंज |
| City | नयी दिल्ली |
| Postal code | 110002 |
| 300 ## - PHYSICAL DESCRIPTION | |
| Extent | 116पृ. |
| Dimensions | 21सेमी (सजिल्द) |
| 650 ## - SUBJECT ADDED ENTRY--TOPICAL TERM | |
| Topical term or geographic name as entry element | हिंदी साहित्य |
| 9 (RLIN) | 56612 |
| 650 ## - SUBJECT ADDED ENTRY--TOPICAL TERM | |
| Topical term or geographic name as entry element | हिंदी साहित्य --कहानियां |
| 9 (RLIN) | 42761 |
| 650 ## - SUBJECT ADDED ENTRY--TOPICAL TERM | |
| Topical term or geographic name as entry element | Hindi literature |
| 9 (RLIN) | 56613 |
| 650 ## - SUBJECT ADDED ENTRY--TOPICAL TERM | |
| Topical term or geographic name as entry element | Hindi literature--Stories |
| 9 (RLIN) | 56614 |
| 942 ## - ADDED ENTRY ELEMENTS (KOHA) | |
| Source of classification or shelving scheme | Dewey Decimal Classification |
| Koha item type | Hindi Books |
| Classification part | क |
| Call number suffix | रायह |
| Withdrawn status | Lost status | Damaged status | Not for loan | Home library | Current library | Date acquired | Source of acquisition | Cost, normal purchase price | Total Checkouts | Full call number | Barcode | Date last seen | Copy number | Cost, replacement price | Price effective from | Koha item type | Public note |
|---|---|---|---|---|---|---|---|---|---|---|---|---|---|---|---|---|---|
| Written off | Central Library | Central Library | 17/08/2015 | Cen Lib/Ret | 90.00 | क रायह | A-833738 | 17/08/2015 | 1 | 90.00 | 17/08/2015 | Hindi Books | Written off on approval by DLB (By Circulation); dtd 20.12.2022 |
